Statistics for Nauru First Level Subdivisions

Click here to take the quiz!

General Stats

  • This quiz has been taken 133 times
  • The average score is 7 of 14

Answer Stats

Districts% Correct
Yaren
94%
Boe
58%
Aiwo
55%
Anabar
48%
Buada
48%
Anibare
42%
Ijuw
42%
Meneng
42%
Uaboe
42%
Baitsi
39%
Denigomodu
39%
Anetan
36%
Ewa
33%
Nibok
33%

Score Distribution

Percentile by Number Answered

Percent of People with Each Score

Your Score History

You have not taken this quiz